Macroeconomics (Record no. 396953)

MARC details
000 -LEADER
fixed length control field 00470 a2200193 4500
005 - DATE & TIME
control field 20260313120804.0
008 - FIXED-LENGTH DATA ELEMENTS--GENERAL INFORMATION
fixed length control field 260312b |||||||| |||| 00| 0 eng d
020 ## - ISBN
International Standard Book Number 978139128326
Price £ 76.99
040 ## - CATALOGING SOURCE
Original cataloging agency VIVEKANANDA LIBRARY
082 ## - DDC NUMBER
Classification number 339
Book Number M314M(12)
100 ## - MAIN ENTRY--PERSONAL NAME
Personal name Mankiw, Gregory N
245 ## - TITLE STATEMENT
Title Macroeconomics
250 ## - EDITION STATEMENT
Edition statement 12th
260 ## - PUBLICATION, DISTRIBUTION, ETC. (IMPRINT)
Name of publisher, distributor, etc Worth Publishers
Date of publication, distribution, etc 2025
Place of publication, distribution, etc New York
300 ## - PHYSICAL DESCRIPTION
Pages xxxi, 562
650 ## - Subject
Subject Economics
650 ## - Subject
Subject Macroeconomics
942 ## - ADDED ENTRY ELEMENTS (KOHA)
Koha item type Books
Holdings
Withdrawn status Lost status Source of classification or shelving scheme Damaged status Not for loan Location (home branch) Sublocation or collection (holding branch) Shelving location Date acquired Koha issues (times borrowed) Koha full call number Accession No. Koha date last seen Koha item type
    Dewey Decimal Classification     VIVEKANANDA LIBRARY VIVEKANANDA LIBRARY Vivekananda Library 17/02/2026   339 M314M(12) 420835 17/02/2026 Books
© Designed and Maintained by Vivekananda Library, MDU Rohtak